000
00303nam a22001337a 4500
003
SGT
020
_a
978-81-7319-620-1
082
_a
676.0286
_b
SRI
100
_a
SRIVASTAVA, M.M.
245
_a
CHEMISTRY FOR GREEN ENVIRONMENT
260
_a
DELHI
_b
NAROSA PUB.
_c
2015
300
_a
364
942
_2
ddc
_c
BK
999
_c
24643
_d
24643